Tratado de ecología

Tallennettuna:
Bibliografiset tiedot
Päätekijät: Turk, Amos (Tekijä), Turk, Jonathan (Tekijä), Wittes, Janet T (Tekijä), Wittes, Robert E (Tekijä)
Aineistotyyppi: Kirja
Kieli:espanja
Julkaistu: Ciudad de México Interamericana 1981
Painos:2a. ed
Aiheet:
Tagit: Lisää tagi
Ei tageja, Lisää ensimmäinen tagi!

MARC

LEADER 00000nam a2200000 a 4500
001 UCZ2511
003 CL-VaPUC
008 951005e19810000MX |||||||||||||||||spa|d
020 |a 9682507197 
082 0 4 |a 577  |b TUR  |2 21 
100 0 |a Turk, Amos  |e author  |9 346287 
700 0 |a Turk, Jonathan  |e author  |9 346288 
700 0 |a Wittes, Janet T  |e author  |9 346289 
700 0 |a Wittes, Robert E  |e author  |9 346290 
245 1 0 |a Tratado de ecología 
250 |a 2a. ed 
300 |a 542 p 
942 |c BK 
945 |d 19951005 00:00:00  |a awong 
260 |a Ciudad de México  |b Interamericana  |c 1981 
650 0 |a Ecología   |9 258124 
650 7 |a CONTAMINACION  |2 CL-VaPUC  |9 258139 
650 0 |a Fuentes de energía  |9 263042 
650 0 |a Poblaciones  |9 338556 
650 7 |a CONTAMINANTES  |2 CL-VaPUC  |9 259641 
650 0 |a Energía nuclear   |9 255228 
583 |a last modification  |c 19951005 00:00:00  |k Rodrigo Vera 
999 |c 239094  |d 239092 
952 |0 0  |1 0  |4 0  |6 577_000000000000000_TUR_1981  |7 0  |8 A  |9 249924  |a BIBCUR  |b BIBCUR  |d 2019-11-18  |i 3138895  |o 577 TUR 1981  |p 3138895  |r 2025-04-22  |w 2019-11-18  |y BK  |k BCB